[Event "SLO-chT2 West"]
[Site "Komenda"]
[Date "2022.11.20"]
[Round "3.3"]
[White "Kocevar, Tugomir"]
[Black "Dolzan, Mark"]
[Result "0-1"]
[WhiteElo "1816"]
[BlackElo "1235"]
[PlyCount "54"]
[EventDate "2022.11.19"]
[EventType "team-tourn"]
[EventRounds "7"]
[EventCountry "SLO"]
[SourceTitle "EXT 2024"]
[Source "ChessBase"]
[SourceDate "2023.10.10"]
[SourceVersion "1"]
[SourceVersionDate "2023.10.10"]
[SourceQuality "1"]
[WhiteTeam "Radovljica"]
[BlackTeam "Komenda SK II"]
[WhiteTeamCountry "SLO"]
[BlackTeamCountry "SLO"]

1. e4 e5 2. f4 d6 3. Bc4 Nc6 4. Nf3 Bg4 5. 0-0 Nd4 6. fxe5 dxe5 7. Bxf7+ Ke7 8. Bxg8 Rxg8 9. d3 Ke8 10. c3 Nxf3+ 11. gxf3 Bh3 12. Be3 Bxf1 13. Qxf1 Qf6 14. d4 Bd6 15. Nd2 Rf8 16. Qb5+ Ke7 17. d5 b6 18. Rf1 Kf7 19. Rf2 Kg8 20. Rg2 h6 21. Qe2 a5 22. a4 Qh4 23. Rg6 Rf6 24. Qg2 Rxg6 25. Qxg6 Qe1+ 26. Nf1 Rf8 27. Bxh6 Bc5+ 0-1